Historical Figures by Their Eyes - Statistics

General Stats
  • This quiz has been taken 49 times
  • The average score is 11 of 20
Answer Stats
Picture Answer % Correct
Donald Trump
96%
Barack Obama
91%
Princess Diana
89%
John F Kennedy
87%
Abraham Lincoln
79%
Boris Johnson
74%
Rosa Parks
74%
Martin Luther King Jr
72%
Jacqueline Kennedy Onassis
68%
Joseph Stalin
68%
Robert F Kennedy
64%
Richard Nixon
62%
Xi Jinping
51%
Fidel Castro
43%
Margaret Thatcher
36%
Mikhail Gorbachev
17%
Julia Gillard
13%
Cathy Freeman
9%
Gough Whitlam
9%
Mary Seacole
4%
No matching quizzes found
Score Distribution
Percent of People with Each Score
Percentile by Number Answered
Your Score History
You have not taken this quiz